000 00571nam a2200181Ia 4500
003 GCL
005 20240530110204.0
008 140319s9999 xx 000 0 ara d
040 _aGCL /
_cGCL
082 0 4 _a224.03/
_bم م
100 1 _aمجمع اللغة العربية
245 1 0 _aمعجم الفاظ القران الكريم /
_cمجمع اللغة العربية
260 _aالقاهرة :
_bدار الشروق ،
_c1989
300 _a755 ص ؛
_c28 سم
650 0 4 _aالقران
_vمعاجم
650 0 4 _aالقران
_vالفاظ
942 _2ddc
_cREF
999 _c59287
_d59287